000 00452nam a2200157 a 4500
001 000033105
005 20240226143436.0
008 110817s1922 dr r 000 0 spa d
040 _aDO-SdBNP
_bspa
_cBNPHU
082 _axxxx
_bD542s
100 1 _aDíaz, Vigil,
_d1880-1961
_922114
245 1 0 _aDel Sena al Ozama /
_cVigil Díaz.
260 _aSanto Domingo :
_bImp. Vda García,
_c1922.
300 _a129 p. ;
_c20 cm.
590 _aInventariado, 2018/ YL
999 _c32596
_d32596